000
00318nam a2200133Ia 4500
005
20260328104248.0
008
260328s9999||||xx |||||||||||||| ||und||
100
_a
Norling, Ernest
245
0
_a
Perspective Drawing /
_c
Ernest Norling
260
_b
Walter Foster
300
_a
40 p.
650
_a
DIBUJO
942
_c
BK
999
_c
10155
_d
10155